| 000 | 00564cab a22001935a 4500 | ||
|---|---|---|---|
| 001 | L135809 | ||
| 008 | 061212e20061202xxk f 000 0 eng d | ||
| 035 | _a(Sirsi) u135809 | ||
| 041 | 0 | _aeng | |
| 100 | 1 | _aOldfield, Alison | |
| 245 | 0 | 0 | _aHarassment kept within bounds |
| 260 | _c2006 | ||
| 490 | 0 |
_aEstates Gazette _v(0648) 02 December 2006, 225(1) |
|
| 520 | _aDiscusses the activities of protest groups and the response of the courts. | ||
| 650 | 2 | 4 | _aPROTECTION FROM HARASSMENT ACT 1997 |
| 651 | 4 |
_aUnited Kingdom _y |
|
| 690 | _aPROPERTY | ||
| 942 | _n0 | ||
| 999 |
_c78005 _d78005 |
||